00618 2200229 4500001002100000005001500021035002000036007000300056008004100059020002200100082001000122084001600132100001500148245009200163250001000255260003000265300003000295650001800325700002300343990001100366990001100377INLIS00000000000442720191113102009 a0010-1119000054ta191113 g 0 ind  a978-979-055-622-5 a741.5 a741.5 KOK a0 aKOKO, Nata1 aAku bisa membedakan, membandingkan dan mengukur /cKoko Nata; editor, Safitri Lusiana D acet.1 aBandung :bImagioo,c2015 a44 hlm. :bilus. ;c25 cm 4aGAMBAR. KOMIK0 aSAFITRI, Lusiana D a7146 a a7146 b